000 00441cam a2200181ua 4500
020 _c3/50
041 _ahin
_h
082 _a891.43
_bBHO/HI
100 _aBholanath , tivari .
245 _aHindi basha Ka Saral Vyakaran /
_cBholanath tivari.
_hTextual Documents
250 _a1 /
_b.
260 _a :
_bRajikamal prakashan ,
_c1958.
300 _a195 ; .
365 _a3/50
504 _a
942 _cBK
999 _c2899
_d2899